| 000 | 00526nam a2200193 a 4500 | ||
|---|---|---|---|
| 005 | 20210219152824.0 | ||
| 008 | 991125n 000 0 eng u | ||
| 035 | _aUPN01000062340 | ||
| 100 | _aEthington, Corinna A. | ||
| 222 | _aRESEARCH IN HIGHER EDUCATION | ||
| 245 | _aA psychological model of student persistence | ||
| 300 | _a279-294 | ||
| 362 | _a1990 31, no. 3 | ||
| 653 | 0 | _aACTITUDES DEL ESTUDIANTE | |
| 653 | 0 | _aPERSISTENCIA ACADEMICA | |
| 653 | 0 | _aPSICOLOGIA | |
| 904 |
_aAC _b000151 |
||
| 905 | _aArticulo | ||
| 999 |
_c61665 _d61665 |
||